| 000 | 00471nam a22001457a 4500 | ||
|---|---|---|---|
| 020 | _a1-86039-836-7 | ||
| 082 |
_a823 _bAW/P |
||
| 100 | _aLAWRENCE, MICHAEL | ||
| 245 | _aTHE POLTERGOOSE | ||
| 260 |
_aLONDON _bORCHARD BOOKS _c2000 |
||
| 300 | _a150 | ||
| 520 | _aJiggy McCue has a big problem! He's just moved into a new house and is being haunted by a goose! The only people who believe Jiggy are his best friends, Pete and Angie. | ||
| 650 | _aSHORT STORY | ||
| 942 | _cBK | ||
| 999 |
_c6071 _d6071 |
||